Tombes de Deir el-Médineh : La tombe de Nefer-Abou /
المؤلف الرئيسي:
مؤلفون آخرون:
التنسيق: كتاب
اللغة: French
منشور في:
Le Caire :
Impr. de l'Institut français d'archéologie orientale,
1935.
سلاسل:
Mémoires publiés par les membres de l'Institut français d'archéologie orientale du Caire ;
69.
MIFAO ;
69.
الموضوعات:
الوسوم: إضافة وسم
رقم الطلب: ( F )DT57 .C185 v.69
| LEADER | 01118nam a22003131 4500 | ||
|---|---|---|---|
| 001 | rdb03009347 | ||
| 003 | OSt | ||
| 005 | 20240211132703.0 | ||
| 008 | 811226s1935 ua af 001 0bfre c | ||
| 999 | |c 56699 |d 56699 | ||
| 010 | |a ac 35002497 //r914 | ||
| 040 | |c ARCE Library | ||
| 043 | |a f-ua--- | ||
| 050 | 4 | |a ( F )DT57 .C185 v.69 | |
| 100 | 1 | |a Vandier, Jacques, |d 1904-1973. | |
| 245 | 1 | 0 | |a Tombes de Deir el-Médineh : |b La tombe de Nefer-Abou / |c par J. Vandier ; dessins de J. Vandier d'Abbadie. |
| 260 | |a Le Caire : |b Impr. de l'Institut français d'archéologie orientale, |c 1935. | ||
| 300 | |a 84 p., xxvii plates : |b ill. ; |c 37 cm. | ||
| 490 | 0 | |a Mémoires publiés par les membres de l'Institut français d'archéologie orientale du Caire ; |v 69. | |
| 490 | 0 | |a MIFAO ; |v 69. | |
| 504 | |a "Index des ouvrages cités": p. [81] | ||
| 600 | 0 | 0 | |a Nefer-Abou |x Tomb. |
| 650 | 0 | |a Tombs |z Egypt |z Dayr al-Madīnah Site. | |
| 651 | 0 | |a Deir el-Medina Site (Egypt) | |
| 651 | 0 | |a Egypt |x Antiquities. | |
| 700 | 1 | |a Vandier d'Abbadie, J. |q (Jeanne) | |
| 740 | 0 | |a Tombe de Nefer-Abou. | |
| 901 | |a reviewed | ||
| 942 | |2 lcc |c BK | ||
